[Event "30/move"]
[Site "?"]
[Date "2006.03.31"]
[Round "13"]
[White "Mephisto Milano Pro"]
[Black "Mephisto Miami"]
[Result "1-0"]
[WhiteElo "2124"]
[BlackElo "1966"]
[PlyCount "55"]
[EventDate "2006.03.31"]
[EventType "tourn (rapid)"]
[EventRounds "20"]
[EventCountry "NED"]
[SourceDate "2006.03.12"]

1. e4 c5 2. Nf3 Nc6 {Miami letzter Buchzug} 3. Bb5 Nf6 4. Nc3 Nd4 5. e5 ({RR} 
5. Ba4 Qc7 6. O-O e6 7. Nxd4 cxd4 8. Nb5 Qa5 9. c3 Nxe4 10. b4 Qb6 11. Qf3 f5
12. Nxd4 Be7 13. Bc2 Ng5 14. Qe2 Nf7 15. a4 Nd6 16. a5 Qc7 17. b5 O-O 18. Ba3
Qd8 19. c4 Rf7 {Naumann,A-McShane,L/Lippstadt 1999/CBM 72/1-0 (58)}) 5... Nxb5
6. Nxb5 {Milano Pro letzter Buchzug} Ne4 $146 ({RR} 6... Ng8 7. d4 a6 ({RR} 
7... Qa5+ 8. Nc3 cxd4 9. Qxd4 e6 10. O-O Ne7 11. b4 Qd8 12. Bg5 h6 13. Nb5 Nc6
14. Qh4 Qb6 15. a4 Rg8 16. c4 Bxb4 17. a5 Nxa5 18. Bd2 Bxd2 19. Nxd2 Nc6 20.
Nd6+ Kf8 21. Qh5 Nd8 22. Ra3 {Grund,H-Berov,A/Germany 2002/EXT 2004/1-0}) 8.
Nc3 e6 9. dxc5 Bxc5 10. Ne4 d5 11. exd6 Nf6 12. Nxc5 Qa5+ 13. c3 Qxc5 14. O-O
Nd5 15. Qd3 b5 16. a4 Rb8 17. axb5 axb5 18. Qd4 Qxd4 19. Nxd4 Bd7 20. Ra7 Nb6
21. Be3 {Nikolenko,O-Pavlov,D/Tula 2003/EXT 2004/1-0 (45)}) ({RR} 6... a6 7.
Nc3 Ng4 8. h3 Nh6 9. d4 cxd4 10. Qxd4 Nf5 11. Qd3 e6 12. Bg5 f6 13. exf6 gxf6
14. g4 fxg5 15. gxf5 Qf6 16. O-O-O Bg7 17. fxe6 dxe6 18. h4 h6 19. hxg5 hxg5
20. Rxh8+ Bxh8 21. Qh7 {Priehoda,V-Hrivnak,V/Bardejov 1981/MCD/1-0 (33)}) 7.
Qe2 d5 8. exd6 Nxd6 9. Nxd6+ Qxd6 10. Qb5+ Kd8 11. O-O b6 12. d4 cxd4 13. Ng5
Be6 14. Re1 Qd5 15. Qb4 Rg8 16. Rd1 Kc8 17. Rxd4 Qc5 18. Qa4 Kb7 19. Nxe6 fxe6
20. Rd7+ Kc8 21. Be3 b5 22. Qa6+ Kxd7 23. Bxc5 Kc7 24. Bb4 Rc8 25. Rd1 {# in 4}
Rb8 26. Qxa7+ Kc6 27. Rd7 Rc8 28. Qb7# {01:11 - 11:42} 1-0

[Event "30/move"]
[Site "?"]
[Date "2006.03.31"]
[Round "14"]
[White "Mephisto Miami"]
[Black "Mephisto Milano Pro"]
[Result "0-1"]
[WhiteElo "1966"]
[BlackElo "2124"]
[PlyCount "128"]
[EventDate "2006.03.31"]
[EventType "tourn (rapid)"]
[EventRounds "20"]
[EventCountry "NED"]
[SourceDate "2006.03.12"]

1. e4 e5 2. Nf3 Nc6 3. Bc4 Bc5 4. c3 Nf6 5. d4 exd4 6. cxd4 Bb4+ 7. Nc3 Nxe4 8.
O-O Bxc3 9. d5 Bf6 10. Re1 Ne7 11. Rxe4 {Miami letzter Buchzug} d6 {
Milano Pro letzter Buchzug} 12. Bb5+ ({RR} 12. Qa4+ Bd7 13. Bb5 Bxb5 14. Qxb5+
Qd7 15. Qd3 h6 16. Bd2 O-O 17. Rae1 Ng6 18. Nd4 c5 19. Ne6 fxe6 20. dxe6 Qe7
21. Bxh6 Ne5 22. Qg3 Qxe6 23. f4 Qf7 24. fxe5 Bxe5 25. Qh4 gxh6 26. Rg4+ Kh7 {
Santana Rodriguez,F-Latzke,B/Malaga 2001/EXT 2002/0-1}) 12... Bd7 ({RR} 12...
c6 13. dxc6 bxc6 14. Bxc6+ Bd7 15. Bxa8 Qxa8 16. Qe2 Qd5 17. Bf4 Bb5 18. Qc2
Bd3 19. Qc8# {1-0 Della,R-Schakel,M/Budva 2003/CBM 96 ext}) 13. Bxd7+ Qxd7 14.
Qb3 $146 ({RR} 14. Bg5 Bxg5 15. Nxg5 Qf5 ({RR} 15... O-O 16. Nxh7 Kxh7 17. Qh5+
Kg8 18. Rh4 f5 19. Re1 Nxd5 20. Qh7+ Kf7 21. Qh5+ Kf6 22. g4 fxg4 23. Qxd5 Rae8
24. Qd4+ Kg5 25. Rxe8 Rxe8 {0-1 Wurm,M-Ritter,U/Dortmund 2000/EXT 2001}) 16.
Qe2 Qxg5 17. Re1 O-O 18. Rxe7 Qxd5 19. Rxc7 h6 20. Qc2 Qa5 21. Rc1 Rfe8 22. h3
Qxa2 23. Rxb7 Rab8 24. Rxb8 Rxb8 25. Rb1 a5 26. Qc1 a4 27. g3 a3 28. b4 Ra8 {
Ibarra Chami,L-Perez,F/Pan American 1998/EXT 2002/1/2-1/2 (60)}) ({RR} 14. Qe2
O-O 15. Qd3 Ng6 16. Ng5 Bxg5 17. Bxg5 f6 18. Bh4 f5 19. Qh3 Qb5 20. Ree1 Nxh4
21. Qxh4 Qxd5 22. Qe7 Qf7 23. Rac1 Qxe7 24. Rxe7 c5 25. Rxb7 Rfb8 26. Rxb8+
Rxb8 27. b3 Rb4 28. Rd1 Rd4 {
Naxakis,G-Bozinakis,P/Greece 2002/EXT 2004/0-1 (52)}) 14... O-O 15. Bg5 Bxg5
16. Nxg5 c6 17. dxc6 bxc6 18. Qc2 Qf5 19. Qd2 Nd5 20. Rae1 Rad8 21. b3 Qd7 22.
Qd3 Nf6 23. Re7 Rde8 24. Rxe8 Rxe8 25. Rxe8+ Qxe8 26. Nf3 Qe4 27. Qxe4 Nxe4 28.
Nd4 c5 29. Nb5 a6 30. Nc7 a5 31. Nd5 Kf8 32. Kf1 Nf6 33. Nxf6 gxf6 34. h3 d5
35. Ke2 Ke7 36. Kd3 Ke6 37. a3 Kd6 38. Kc3 d4+ 39. Kd3 Kd5 40. g4 Ke5 41. Kc4
Ke4 42. h4 Kf3 43. b4 cxb4 44. axb4 axb4 45. Kxd4 h6 46. Kc4 Kxf2 47. Kxb4 Kf3
48. Kc5 Kxg4 49. Kd6 Kxh4 50. Kd5 h5 51. Kd6 Kg4 52. Kd5 h4 53. Kc4 h3 54. Kd5
h2 55. Kc4 h1=Q 56. Kd4 f5 57. Kc5 Qe4 58. Kb5 f4 59. Kc5 f3 60. Kd6 f2 61. Kc5
f1=Q {# in 4} 62. Kb6 Qfb1+ 63. Kc7 Qbb7+ 64. Kd8 Qee7# {31:11 - 04:44} 0-1

[Event "30/move"]
[Site "?"]
[Date "2006.03.31"]
[Round "15"]
[White "Mephisto Milano Pro"]
[Black "Mephisto Miami"]
[Result "1/2-1/2"]
[WhiteElo "2124"]
[BlackElo "1966"]
[PlyCount "34"]
[EventDate "2006.03.31"]
[EventType "tourn (rapid)"]
[EventRounds "20"]
[EventCountry "NED"]
[SourceDate "2006.03.12"]

1. e4 e5 2. Nc3 Nf6 3. Bc4 Nc6 4. d3 Bb4 5. Nf3 d6 6. O-O Bxc3 7. bxc3 Na5 8.
Bb3 Nxb3 ({RR} 8... c6 9. h3 h6 10. Re1 O-O 11. d4 Qc7 12. Nh4 Kh7 13. Qf3 Nxb3
14. axb3 d5 15. Ba3 dxe4 16. Rxe4 Nxe4 17. Bxf8 Ng5 18. Qg3 Qd8 19. Bxg7 Kxg7
20. dxe5 Kh8 21. f4 Ne4 22. Qe1 Nxc3 23. f5 {
Gdanski,J-Kogan,A/Biel 1994/CBM 42/1/2-1/2 (32)}) 9. cxb3 O-O $146 {
Miami letzter Buchzug} ({RR} 9... Bg4 10. h3 Bh5 11. Re1 h6 12. d4 Nd7 13. Qd3
Qf6 14. Nd2 g5 15. Bb2 g4 16. hxg4 Bxg4 17. Qg3 Bh5 18. Qh2 Qg5 19. Bc1 Bg6 20.
Nc4 Qf6 21. f3 Qe6 22. Bg5 f6 23. Be3 a6 24. Qg3 {
Comp Chessmaster 6000-Menyhart,T/Debrecen 1999/EXT 2001/0-1 (87)}) ({RR} 9...
c5 10. c4 h6 11. h3 Be6 12. b4 Nd7 13. b5 g5 14. g4 Nf8 15. Ne1 Ng6 16. Ng2 Nf4
17. Nxf4 gxf4 18. Kh2 h5 19. g5 Qxg5 20. Rg1 Qh4 21. Qf1 Ke7 22. Qg2 Rag8 {
0-1 Schwehm,C-Neu,P/Griesheim 2003/EXT 2004}) 10. Bb2 {
Milano Pro letzter Buchzug} Be6 11. a4 a6 12. b4 Re8 13. Re1 Qd7 14. Bc1 Qc6
15. Bb2 Qd7 16. Bc1 Qc6 17. Bb2 Qd7 {
Remis wg.3-facher Stellungswiederholung, 03:26 - 07:05} 1/2-1/2

[Event "30/move"]
[Site "?"]
[Date "2006.03.31"]
[Round "16"]
[White "Mephisto Miami"]
[Black "Mephisto Milano Pro"]
[Result "1-0"]
[WhiteElo "1966"]
[BlackElo "2124"]
[PlyCount "191"]
[EventDate "2006.03.31"]
[EventType "tourn (rapid)"]
[EventRounds "20"]
[EventCountry "NED"]
[SourceDate "2006.03.12"]

1. d4 Nf6 2. c4 e5 3. dxe5 Ng4 4. Nf3 Bc5 5. e3 Nc6 6. Be2 {
Miami letzter Buchzug} Ngxe5 7. Nc3 d6 8. O-O O-O 9. b3 ({RR} 9. Na4 Bb6 10. b3
Bd7 11. Bb2 Qe7 12. Nxe5 Nxe5 13. c5 Bxa4 14. cxb6 Bc6 15. bxc7 Qxc7 16. Qd4 f6
17. Rfd1 Rfd8 18. Rac1 Qf7 19. Qf4 Qg6 20. Qg3 Qxg3 21. hxg3 Kf7 22. f4 Ng6 23.
Ba3 d5 {Farago,I-Senoner,E/Graz 2001/EXT 2002/1-0 (84)}) ({RR} 9. a3 a5 10. Nb5
Qe7 11. Nbd4 Bd7 12. Bd2 Nxf3+ 13. Nxf3 Be6 14. Bc3 f6 15. Nd4 Nxd4 16. exd4
Bb6 17. Bd3 Qf7 18. d5 Bd7 19. Qc2 g6 20. Rfe1 {
1/2-1/2 Tafforeau,R-Kaulfuss,C/Plancoet 2003/CBM 95 ext}) 9... Bf5 {
Milano Pro letzter Buchzug} 10. Nd4 $146 ({RR} 10. Bb2 Re8 11. Nd4 ({RR} 11.
Na4 Bb6 12. Nxb6 axb6 13. Nd4 Bd7 14. Qd2 Qh4 15. a4 Re7 16. Rae1 Rae8 17. Bd1
f5 18. Nf3 Qh6 19. Nxe5 Nxe5 20. Bc2 Rf7 21. f3 Bc6 22. Qd4 Qe6 23. h3 Qd7 24.
Kh2 Re6 25. f4 Ng6 {Foltys,J-Bakonyi,E/Budapest 1948/EXT 99/1-0 (47)}) 11...
Bg6 12. f4 Nd7 13. Nxc6 bxc6 14. f5 Rxe3 15. Kh1 Bxf5 16. Rxf5 Re6 17. Rf1 Qh4
18. Qe1 Qg5 19. Rf3 Rae8 20. Qf1 Nf6 21. Bc1 Qe5 22. Bf4 Qh5 23. Re3 Qf5 24.
Bd3 Qh5 {Bos,I-Van Ginkel,J/Hengelo 1996/EXT 2001/1-0 (38)}) ({RR} 10. Nxe5
dxe5 11. Bb2 Qg5 12. Bf3 Rad8 13. Bd5 Nb4 14. Qf3 c6 15. Ne4 Bxe4 16. Bxe4 f5
17. Bb1 e4 18. Qe2 Rd6 19. a3 Nd3 20. b4 Rg6 21. g3 Nxb2 22. Qxb2 Be7 23. Qe2
h5 24. Ba2 h4 {Rijsterborgh,R-Van Ginkel,J/Hengelo 1997/EXT 98/1-0 (43)}) 10...
Bd7 11. Ne4 Bb6 12. Bb2 Qh4 13. Ng3 Rae8 14. Ndf5 Qf6 15. Bg4 Be6 16. Re1 Nf3+
17. Bxf3 Qxb2 18. Bxc6 bxc6 19. Nd4 Bd7 20. Re2 Qa3 21. Qd3 Qc5 22. Rd1 Bc8 23.
Red2 Ba5 24. Ne4 Qh5 25. Re2 Bb7 26. Ng3 Qg5 27. a3 c5 28. Nb5 a6 29. Nc3 Re6
30. Nd5 Rfe8 31. Nf5 Bc6 32. e4 Bb7 33. Re3 g6 34. f4 Qd8 35. Nh6+ Kf8 36. f5
gxf5 37. Nxf5 Rg6 38. Re2 Qg5 39. Rf1 Rge6 40. b4 cxb4 41. axb4 Bxd5 42. cxd5
Bb6+ 43. Kh1 Re5 44. Ng3 Ra8 45. Ra1 Qf4 46. Rc2 Bf2 47. Nf5 Bb6 48. Re2 Ree8
49. h3 a5 50. Qc3 Qe5 51. Qxe5 dxe5 52. Rea2 Bd4 53. Nxd4 exd4 54. bxa5 Rxe4
55. Ra4 Ke7 56. a6 Kd6 57. Rf1 Kxd5 58. Rxf7 h6 59. Rxc7 d3 60. Ra3 Re3 61.
Rd7+ Kc6 62. Rdxd3 Rxd3 63. Rxd3 Rxa6 64. Rd8 Kc7 65. Rh8 Re6 66. Rh7+ Kc6 67.
Kg1 Kd5 68. Kf2 Ke4 69. g3 Rf6+ 70. Ke2 Rb6 71. Re7+ Kd4 72. Kf3 Rf6+ 73. Kg4
Rg6+ 74. Kh4 Kd5 75. g4 Rf6 76. Kh5 Rf1 77. Kxh6 Rh1 78. Re3 Kd4 79. Ra3 Kc4
80. g5 Kb4 81. Rg3 Re1 82. g6 Re6 83. Kh7 Re5 84. g7 Re8 85. h4 Kc4 86. h5 Re7
87. Kg6 Re8 88. h6 Rc8 89. h7 Kd5 90. h8=Q Rxh8 91. gxh8=Q Kd6 92. Qd4+ {# in 5
} Kc6 93. Qc4+ Kd6 94. Rd3+ Ke5 95. Qb5+ Ke6 96. Qe8# {42:51 - 60:54} 1-0

[Event "30/move"]
[Site "?"]
[Date "2006.03.31"]
[Round "17"]
[White "Mephisto Milano Pro"]
[Black "Mephisto Miami"]
[Result "1-0"]
[WhiteElo "2124"]
[BlackElo "1966"]
[PlyCount "75"]
[EventDate "2006.03.31"]
[EventType "tourn (rapid)"]
[EventRounds "20"]
[EventCountry "NED"]
[SourceDate "2006.03.12"]

1. e4 e5 2. Nf3 Nf6 3. Nxe5 d6 4. Nf3 Nxe4 5. d4 d5 6. Bd3 Be7 7. O-O Nc6 8.
Re1 Bg4 {Miami letzter Buchzug} 9. c3 f5 10. Qb3 {Milano Pro letzter Buchzug}
Rb8 ({RR} 10... Qd7 11. Nfd2 O-O-O 12. f3 Nxd2 13. Nxd2 Bh5 14. Qa4 Rhe8 15.
Nb3 a6 16. Bd2 Bg6 17. Bf4 Nb8 18. Qxd7+ Nxd7 19. Kf2 Bf6 20. g3 Rf8 21. a4 Rf7
22. a5 h6 23. Nc5 Nxc5 24. dxc5 Kd7 25. Be5 {
Ehlvest,J-Jussupow,A/Rotterdam 1989/CBM 13/1/2-1/2 (41)}) 11. Nfd2 ({RR} 11.
Nbd2 Qd6 12. Bb5 O-O 13. Bd3 Kh8 14. Qc2 Qg6 15. Ne5 Nxe5 16. dxe5 Bc5 17. Nxe4
fxe4 18. Bf1 Bxf2+ 19. Qxf2 Rxf2 20. Kxf2 Qb6+ 21. Kg3 Qe6 22. Bf4 Rf8 23. Bb5
Qg6 24. h3 Bd7+ 25. Kh2 Bxb5 {Mihok,O-Hoang,T/Budapest 2003/EXT 2004/0-1 (37)})
11... Bh5 $146 ({RR} 11... Nxd2 12. Nxd2 O-O 13. Nf1 Na5 14. Qa4 Nc6 15. Ne3
Bd6 16. h3 Qh4 17. Qb3 Kh8 18. Nf1 Bxh3 19. gxh3 Qxh3 20. Re3 Qg4+ 21. Rg3 Bxg3
22. fxg3 f4 23. Qxd5 Rbe8 24. Bd2 f3 25. Kh2 Re2+ 26. Bxe2 {
Apicella,M-Petrovic,P/Val Maubuee 1990/EXT 97/1-0 (37)}) 12. Nf1 Bh4 13. g3 Bf6
14. Ne3 Ne7 15. Qa4+ c6 16. Kg2 Qb6 17. f3 Ng5 18. g4 Bf7 19. Nxf5 Be6 20. Nxe7
Bxe7 21. Bxg5 Bxg5 22. Rxe6+ Kf7 23. Re2 Rhe8 24. Qd1 Kg8 25. Qc2 Rxe2+ 26.
Qxe2 Rf8 27. Na3 Bh4 28. Rf1 a6 29. f4 Bf6 30. Re1 g5 31. Qe6+ Rf7 32. Bxh7+
Kg7 33. fxg5 Qd8 34. Rf1 Kxh7 35. Qxf7+ Kh8 36. Rxf6 {# in 3} Qd6 37. Rxd6 b6
38. Rd8# {02:32 - 17:05} 1-0

[Event "30/move"]
[Site "?"]
[Date "2006.03.31"]
[Round "18"]
[White "Mephisto Miami"]
[Black "Mephisto Milano Pro"]
[Result "1/2-1/2"]
[WhiteElo "1966"]
[BlackElo "2124"]
[PlyCount "110"]
[EventDate "2006.03.31"]
[EventType "tourn (rapid)"]
[EventRounds "20"]
[EventCountry "NED"]
[SourceDate "2006.03.12"]

1. d4 d5 2. Nf3 e6 3. c4 Nf6 4. Bg5 Be7 5. Nc3 {Miami verlässt Buch} O-O 6. e3
Nbd7 7. Bd3 {Miami zurück im Buch} c5 8. O-O {Miami letzter Buchzug} dxc4 9.
Bxc4 cxd4 {Milano Pro letzter Buchzug} 10. Nxd4 Qc7 ({RR} 10... Nb6 11. Bb3
Nfd7 ({RR} 11... Bd7 12. Rc1 Rc8 13. Qe2 Nfd5 14. Bxe7 Qxe7 15. Nxd5 Nxd5 16.
Qf3 Bc6 17. Nxc6 bxc6 18. Rfd1 Rfd8 19. h3 h6 20. Rd2 Rd6 21. Rcd1 Rcd8 22. Qg3
e5 23. Qf3 Nf6 24. Rxd6 Rxd6 25. Rxd6 Qxd6 26. Ba4 {
Pavlidou,A-Saraykoy,E/Budva 2003/CBM 96 ext/1-0 (46)}) 12. Bxe7 Qxe7 13. Ne4 a5
14. a3 a4 15. Ba2 Nf6 16. Qf3 Nbd7 17. Rac1 Ra5 18. Rfd1 Nxe4 19. Qxe4 Rc5 20.
Ne2 b5 21. Rxc5 Qxc5 22. Nc3 Nf6 23. Qd4 Qh5 24. Qb6 Bd7 25. Qc7 {
Kogan,A-Dervishi,E/Genova 2002/CBM 89 ext/1-0 (35)}) 11. Qe2 Rd8 $146 ({RR} 
11... Ne5 12. Bb3 a6 13. Bxf6 Bxf6 14. Rac1 Qe7 15. Rfd1 b5 16. Ne4 Bb7 17. Nc5
Rac8 18. Ndxe6 fxe6 19. Bxe6+ Kh8 20. Bxc8 Rxc8 21. Nxb7 Rxc1 22. Rxc1 Qxb7 23.
Qc2 Kg8 24. Qc8+ Qxc8 25. Rxc8+ Kf7 26. Rc7+ {
Meiler,J-Morgenstern,P/Sebnitz 1998/EXT 99/1/2-1/2 (36)}) 12. Rfd1 Ne5 13. Bb3
Neg4 14. Bf4 e5 15. Ndb5 Qb6 16. Rxd8+ Bxd8 17. Bg5 h6 18. Bh4 Be7 19. Na4 Qc6
20. h3 a6 21. Nbc3 b5 22. Nd5 Nxd5 23. Bxd5 Qxd5 24. Nb6 Qb7 25. Bxe7 Qxb6 26.
Rd1 Be6 27. hxg4 Bxa2 28. Qf3 Rc8 29. Bb4 Be6 30. Rd6 Qc7 31. Rxa6 Qc1+ 32. Kh2
Qxb2 33. Ba3 Qa2 34. Ra5 Rc4 35. Ra8+ Kh7 36. Bd6 Qb2 37. Qg3 Rxg4 38. Qf3 e4
39. Qh3 g5 40. g3 Rh4 41. gxh4 Bxh3 42. Kxh3 Qxf2 43. hxg5 Qxe3+ 44. Bg3 hxg5
45. Rf8 Qf3 46. Rb8 f5 47. Rb7+ Kg6 48. Kh2 f4 49. Bxf4 Qf2+ 50. Kh1 gxf4 51.
Rg7+ Kh6 52. Rg6+ Kh5 53. Rg5+ Kh4 54. Rg4+ Kh3 55. Rg3+ Qxg3 {
Remis wg. Patt, 26:43 - 23:42} 1/2-1/2

[Event "30/move"]
[Site "?"]
[Date "2006.03.31"]
[Round "19"]
[White "Mephisto Milano Pro"]
[Black "Mephisto Miami"]
[Result "1-0"]
[WhiteElo "2124"]
[BlackElo "1966"]
[PlyCount "157"]
[EventDate "2006.03.31"]
[EventType "tourn (rapid)"]
[EventRounds "20"]
[EventCountry "NED"]
[SourceDate "2006.03.12"]

1. d4 Nf6 2. Nf3 e6 3. c4 d5 4. Bg5 Be7 {Miami letzter Buchzug} 5. Nc3 O-O 6.
cxd5 {Milano Pro letzter Buchzug} Nxd5 7. Bxe7 Qxe7 8. e4 ({RR} 8. Rc1 Nxc3 9.
Rxc3 Rd8 10. e3 Nc6 11. Bb5 Bd7 12. O-O Nxd4 13. Bxd7 Nxf3+ 14. Qxf3 Qxd7 15.
Qxb7 Rab8 16. Qxa7 Rxb2 17. Rxc7 Qd1 18. g3 Qf3 19. Qd4 Qf6 20. Qc4 g6 21. Rc8
Rxc8 22. Qxc8+ Kg7 {Bu Xiangzhi-Kaidanov,G/Shanghai 2002/CBM 91/1/2-1/2 (72)})
({RR} 8. Nxd5 exd5 9. e3 Bf5 10. Be2 c6 11. O-O Nd7 12. Qd2 a5 13. b3 Bg4 14.
a3 Bxf3 15. Bxf3 Nb6 16. Be2 a4 17. b4 Nc4 18. Qc2 b5 19. Bd3 g6 20. e4 Qd7 21.
Qc3 Rad8 22. Rae1 Nd6 {Zivanic,M-Vulinovic,R/Budva 2003/CBM 96 ext/1/2-1/2 (42)
}) 8... Nxc3 9. bxc3 b6 $146 ({RR} 9... c5 10. Bd3 ({RR} 10. Bc4 a6 11. O-O b5
12. Bb3 Nc6 13. Qe2 Rd8 14. Rfd1 Na5 15. Bc2 Bb7 16. Qe3 Rac8 17. Rac1 Nc4 18.
Qf4 h6 19. Bb3 Na5 20. Bc2 Nc4 21. Bb3 cxd4 22. cxd4 Na5 23. Bc2 Nc4 24. Bb3
Nb2 {Sorvari,J-Birjukov,S/Vantaa 1994/EXT 99/1/2-1/2 (50)}) 10... Nc6 11. O-O
Rd8 ({RR} 11... cxd4 12. cxd4 Rd8 13. d5 Nb4 14. Bc4 exd5 15. exd5 Qc5 16. Qb3
b5 17. Bxb5 Qxb5 18. a3 Qxd5 19. Qxb4 a5 20. Qf4 Bb7 21. Rfe1 Qd6 22. Qxd6 Rxd6
23. Rab1 Bxf3 24. gxf3 h6 25. Rb5 Raa6 26. Ree5 {
Lacrosse,M-Reedijk,J/Netherlands 1994/EXT 98/0-1 (36)}) 12. d5 Na5 13. c4 Bd7
14. Qd2 b6 15. e5 exd5 16. cxd5 Rac8 17. Qf4 Bc6 18. d6 Qf8 19. Bxh7+ Kh8 20.
Qh4 g5 21. Nxg5 Kg7 22. Bf5 {
1-0 Chau Thi Ngoc,G-Hoang Xuan Thanh,K/Ha Tinh 2000/EXT 2004}) 10. Bd3 Bb7 11.
Qe2 Rd8 12. Rd1 c5 13. O-O Nc6 14. Bc2 Rac8 15. Rfe1 cxd4 16. cxd4 Nb4 17. Bb1
Ba6 18. Qb2 Qd6 19. a3 Nc6 20. d5 exd5 21. exd5 Ne7 22. Ng5 Nxd5 23. Bxh7+ Kf8
24. Bf5 Rc7 25. Qe5 Qxe5 26. Rxe5 Bc4 27. Be6 Re8 28. Nh7+ Kg8 29. Bxf7+ Kxf7
30. Ng5+ Kf8 31. Nh7+ Kg8 32. Rxe8+ Kxh7 33. h3 Kg6 34. Kh2 Nf6 35. Re3 Bd5 36.
Re5 Rd7 37. Kg3 a6 38. Rd4 Rd6 39. Kf4 Kf7 40. f3 Rd7 41. Re3 g6 42. Kg5 Bc6
43. Rxd7+ Nxd7 44. Rd3 Ne5 45. Rd6 Ke7 46. Rf6 Kd7 47. Kf4 Nc4 48. Rxg6 Nxa3
49. h4 b5 50. Rg7+ Kd6 51. h5 b4 52. h6 b3 53. h7 b2 54. h8=Q b1=Q 55. Qf8+ Kd5
56. Rg5+ Kc4 57. Rc5+ Kb3 58. Rxc6 Qf1 59. Qb8+ Ka2 60. Qg8+ Kb2 61. Rb6+ Kc1
62. Qb3 Qc4+ 63. Qxc4+ Nxc4 64. Rc6 Kc2 65. Rxc4+ Kb3 66. Rc1 a5 67. g4 a4 68.
g5 a3 69. g6 Kb2 70. Re1 a2 71. g7 a1=Q 72. Rxa1 Kxa1 73. g8=Q Kb2 74. Qc4 Ka3
75. Qb5 Ka2 76. Ke4 Ka3 77. Kd4 Ka2 78. Kc3 Ka3 79. Qb3# {05:42 - 39:07} 1-0

[Event "30/move"]
[Site "?"]
[Date "2006.03.31"]
[Round "20"]
[White "Mephisto Miami"]
[Black "Mephisto Milano Pro"]
[Result "1/2-1/2"]
[WhiteElo "1966"]
[BlackElo "2124"]
[PlyCount "103"]
[EventDate "2006.03.31"]
[EventType "tourn (rapid)"]
[EventRounds "20"]
[EventCountry "NED"]
[SourceDate "2006.03.12"]

1. e4 c6 2. d4 d5 3. exd5 cxd5 4. c4 Nf6 5. Nc3 {Miami letzter Buchzug} g6 {
Milano Pro letzter Buchzug} 6. cxd5 Nxd5 7. Bb5+ Bd7 ({RR} 7... Nc6 8. Qa4 ({RR
} 8. Nf3 Bg7 9. O-O O-O 10. h3 h6 11. Be3 Be6 12. Qd2 Kh7 13. Rac1 Rc8 14. Na4
Nxe3 15. fxe3 Bxa2 16. Nc5 b6 17. Nd3 Bd5 18. Nb4 Nxb4 19. Rxc8 Qxc8 20. Qxb4
Qe6 21. Re1 Bxf3 22. gxf3 Qxh3 {
Perman,T-Baeuml,U/Bad Woerishofen 2003/CBM 93 ext/0-1}) 8... Nxc3 9. bxc3 Bg7
10. Nf3 O-O 11. O-O Be6 12. Bxc6 bxc6 13. Ba3 Qc7 14. Rfe1 Rfe8 15. Ne5 Rab8
16. c4 Rb6 17. Bc5 Rb2 18. Qxc6 Rc8 19. Qa4 Qb7 20. Rad1 Bxe5 21. Rxe5 Qc6 22.
Qxa7 {Karpov,A-Miles,A/Amsterdam 1981/MCL/1-0 (41)}) 8. Bxd7+ $146 ({RR} 8. Bc4
Nb6 ({RR} 8... Bc6 9. Nf3 Bg7 10. O-O O-O 11. Re1 e6 12. Bg5 Nxc3 13. bxc3 Qc7
14. Bb3 Nd7 15. Qe2 Nb6 16. Ne5 Bd5 17. c4 Bxe5 18. dxe5 Bxc4 19. Qg4 Bxb3 20.
axb3 Nd5 21. Qh4 Rfe8 22. Rac1 Qa5 23. Qh6 {
Hoellrigl,W-Stoll,T/Austria 2002/EXT 2003/0-1 (38)}) 9. Bb3 Bg7 10. Nf3 O-O 11.
O-O Nc6 12. Bg5 Bg4 13. d5 Nd4 14. Re1 Re8 15. Re4 Bxf3 16. gxf3 Nf5 17. a4 Nd6
18. a5 Nxe4 19. fxe4 Nd7 20. d6 Bf6 21. Bxf6 Nxf6 22. e5 exd6 {
Pallova,M-Stluka,P/Klatovy 1997/EXT 98/1/2-1/2}) ({RR} 8. Qe2 Nxc3 9. bxc3 Qa5
10. Bxd7+ Nxd7 11. Bd2 Bg7 12. Nf3 O-O 13. O-O Rfe8 14. Rfe1 Rac8 15. Ng5 Qc7
16. Qf3 Nf6 17. Rab1 b6 18. Rb3 e5 19. dxe5 Rxe5 20. Rxe5 Qxe5 21. Qd3 Qd5 22.
Qxd5 Nxd5 {Limberg,M-Pill,B/Ruhrgebiet 1998/EXT 2002/0-1 (31)}) 8... Qxd7 9.
Qb3 Nb6 10. Nf3 Nc6 11. Be3 Bg7 12. Rd1 O-O 13. Ne5 Nxe5 14. dxe5 Qg4 15. O-O
Bxe5 16. Bxb6 axb6 17. Qxb6 Qh5 18. h3 Bxc3 19. bxc3 Rxa2 20. Rd7 e6 21. Rxb7
Rc2 22. Qd4 Qe2 23. Rfb1 e5 24. Qc5 Kg7 25. Re7 Rd8 26. Rxe5 Rd1+ 27. Rxd1
Qxd1+ 28. Kh2 Qd2 29. Re4 Qxc3 30. Qxc3+ Rxc3 31. Re7 h6 32. Rb7 Kf6 33. g3 Ke6
34. Kg2 Rc1 35. f4 f6 36. Rh7 Rc2+ 37. Kf3 h5 38. g4 Rc3+ 39. Kg2 hxg4 40. hxg4
Kd5 41. Rf7 Rc6 42. Kf3 Rc3+ 43. Kg2 Rc6 44. Kg3 Rc3+ 45. Kf2 Rc6 46. Ke3 Re6+
47. Kd3 Ra6 48. Rd7+ Kc5 49. Rc7+ Kd5 50. Rd7+ Kc5 51. Rf7 Kd5 52. Rd7+ {
Remis wg. 3-facher Stellungswiederholung, 36:48 - 24:53} 1/2-1/2

[Event "30/move"]
[Site "?"]
[Date "2006.03.31"]
[Round "1"]
[White "Mephisto Milano"]
[Black "Mephisto Modena"]
[Result "0-1"]
[WhiteElo "2010"]
[BlackElo "1983"]
[PlyCount "130"]
[EventDate "2006.03.31"]
[EventType "tourn (rapid)"]
[EventRounds "20"]
[EventCountry "NED"]
[SourceDate "2006.03.12"]

1. c4 c5 2. Nc3 Nf6 3. Nf3 d5 4. cxd5 Nxd5 5. e3 Nxc3 6. bxc3 g6 {
Modena letzter Buchzug} 7. Bb5+ {Milano letzter Buchzug} Bd7 8. Bxd7+ $146 ({RR
} 8. Qb3 Qc7 9. Rb1 ({RR} 9. O-O Bg7 10. d4 O-O 11. a4 Nc6 12. Ba3 b6 13. dxc5
Be6 14. cxb6 axb6 15. Qb2 Na5 16. Nd4 Bc4 17. Rfd1 Rfd8 18. Bb4 Bd5 19. Qe2 Bf6
20. Rab1 Rac8 21. Ba6 Bc4 22. Bxc4 Qxc4 23. Kf1 Qc7 {
Huebner,R-Gustafsson,J/Saarbruecken 2002/CBM 93/1-0 (44)}) 9... b6 10. Qd5 ({RR
} 10. Ng5 e6 11. c4 Bg7 12. Bb2 e5 ({RR} 12... O-O 13. Bxg7 Kxg7 14. O-O Nc6
15. Qb2+ f6 16. Ne4 Rad8 17. Rfd1 e5 18. Nc3 Be6 19. Bxc6 Qxc6 20. d3 Rf7 21.
e4 Rd4 22. Nb5 Rd8 23. Nc3 Rd4 24. Ne2 Rd8 {
1/2-1/2 Smejkal,J-Schmidt,W/Warsaw 1979/MCD}) 13. Ne4 O-O 14. Nc3 Be6 15. Nd5
Qd6 16. e4 Nd7 17. O-O Nf6 18. Qd3 Rfd8 19. f4 Nh5 20. fxe5 Bxe5 21. Bxe5 Qxe5
22. Qe3 Kg7 23. Rf3 a6 24. Ba4 b5 {
Ivanov,I-Palatnik,S/Daugavpils 1978/MCD/1-0 (53)}) 10... Bxb5 11. Rxb5 Qc6 12.
Qxc6+ Nxc6 13. d4 e6 14. O-O Rc8 15. Rd1 Na5 16. e4 Nc4 17. Rb1 Bg7 18. e5 O-O
19. Nd2 cxd4 20. cxd4 Rfd8 21. Nxc4 Rxc4 22. Be3 Kf8 {
Liebert,H-Palatnik,S/Rimavska Sobota 1977/EXT 98/1/2-1/2 (51)}) ({RR} 8. a4 Bg7
9. O-O O-O 10. Ba3 b6 11. d4 a6 12. Be2 Nc6 13. Qc2 Qc7 14. dxc5 bxc5 15. Bxc5
Qa5 16. Ba3 Qxc3 17. Qxc3 Bxc3 18. Rab1 Rfb8 19. Rxb8+ Rxb8 20. Bxa6 Nb4 21.
Bc4 Bxa4 22. Rc1 Bf6 {Bareev,E-Kasparov,G/Cannes 2001/CBM 82/1/2-1/2}) 8...
Nxd7 9. d4 Bg7 10. Rb1 b6 11. e4 e5 12. d5 O-O 13. O-O Nf6 14. Qe2 Qd6 15. Rd1
a6 16. Nd2 b5 17. a4 bxa4 18. Nc4 Qe7 19. d6 Qe8 20. f3 Nd7 21. Qa2 a3 22. Qxa3
Qe6 23. Nb6 Rfb8 24. Nxa8 Rxb1 25. Qxa6 Qb3 26. Qf1 Bh6 27. Re1 Qxc3 28. Bd2
Qd4+ 29. Kh1 Rxe1 30. Bxe1 Qa1 31. Nc7 Bd2 32. Nd5 Kg7 33. Kg1 Bxe1 34. h3 h5
35. Ne3 Qc1 36. Nc4 Kf6 37. g3 g5 38. g4 Kg6 39. Kh1 h4 40. Kg1 Kf6 41. Kh1 Ke6
42. Kg1 Bd2 43. Qxc1 Bxc1 44. Kf2 Bf4 45. Ke1 Nf6 46. Ke2 Ne8 47. Kd3 Nxd6 48.
Nb2 Kd7 49. Nd1 Kc6 50. Nb2 Kb5 51. Kc3 Be3 52. Nd3 Bd4+ 53. Kc2 Nc4 54. Kd1
Ne3+ 55. Ke2 {Milano gibt auf} Ng2 56. Kf1 c4 57. Kxg2 cxd3 58. Kf1 Kb4 59. Ke1
Kc3 60. Kd1 {# in -6} d2 61. f4 gxf4 62. g5 f3 63. g6 f2 64. Ke2 d1=Q+ 65. Kxd1
f1=Q# {28:14 - ??:??} 0-1